[Event "GP"]
[Site "Izmir TUR"]
[Date "2002.09.03"]
[Round "7"]
[White "Guliev,S"]
[Black "Gelashvili,T"]
[Result "1-0"]
[WhiteElo "2481"]
[BlackElo "2551"]

1.d4 d5 2.c4 e6 3.Nf3 c6 4.e3 Nf6 5.Nc3 Nbd7 6.Qc2 Bd6 7.Be2 O-O 8.O-O dxc4
9.Bxc4 b5 10.Be2 a6 11.e4 e5 12.Bg5 h6 13.Bh4 Qe7 14.Rad1 Re8 15.Kh1 b4 16.Na4 exd4
17.Qxc6 Ra7 18.Rxd4 Be5 19.Nxe5 Qxe5 20.Qc4 Nxe4 21.Bf3 Rc7 22.Qd3 Ndc5 23.Nxc5 Nxc5
24.Qd2 Rd7 25.Rxd7 Bxd7 26.Bg3 Qf5 27.Qxb4 Bb5 28.Re1 Rxe1+ 29.Qxe1 Qc2 30.h3 Qxb2
31.Qe7 Ne6 32.Bd5 Qb1+ 33.Kh2 Qf5 34.Qd6 h5 35.f3 Bd3 36.Be5 Bc2 37.Bc4 a5
38.Bd5 a4 39.h4 Kh7 40.Kg3 Bb1 41.a3 Bc2 42.Bc6 f6 43.Bc3 Nc5 44.Kh2 Ne6
45.Bd2 Nc5 46.Be3 Ne6 47.Bd5 Nf8 48.Kg3 Ng6 49.Bd4 Nxh4 50.Kxh4 Qg5+ 51.Kh3 Bf5+
52.g4 hxg4+ 53.Kg3 gxf3+ 54.Kxf3 Qg4+ 55.Ke3 Qg1+ 56.Ke2 Bg4+ 57.Kd3 Bf5+
58.Kc4 Qd1 59.Qh2+ Kg6 60.Qg3+ Kh7 61.Bf7 Qc2+ 62.Kb4 g5 63.Bxf6 Qe4+ 64.Bc4 Be6
65.Qc7+ Kg6 66.Qg7+  1-0

[Event "ch-Arab"]
[Site "Casablanca MAR"]
[Date "2002.09.04"]
[Round "9"]
[White "Kaabi,M"]
[Black "Tissir,M"]
[Result "1/2-1/2"]
[WhiteElo "2359"]
[BlackElo "2376"]

1.d4 Nf6 2.c4 e6 3.Nf3 d5 4.Nc3 c6 5.e3 Nbd7 6.Qc2 Bd6 7.b3 O-O 8.Bb2 Re8
9.Be2 e5 10.cxd5 cxd5 11.Nb5 Bb8 12.Rc1 exd4 13.Bxd4 Nf8 14.Nc7 Bxc7 15.Qxc7 Qxc7
16.Rxc7 Ne6 17.Rc2 Nxd4 18.Nxd4 Bd7 19.Rc7 Rab8 20.O-O Rec8 21.Rfc1 a6 22.h3 Ne8
23.R7c5 Nf6 24.b4 Kf8 25.Nb3 Ke7 26.Bf3 Kd6 27.Rd1 b6 28.Rxc8 Rxc8 29.Nd4 Rc4
30.Rb1 Rc3 31.Rd1 Rc4 32.Rb1 Rc3 33.Rb2 g6 34.Ne2 Rc4 35.Nd4 Rc3 36.Kh2 Ne4
37.Ne2 Rc4 38.Nf4 g5 39.Bxe4 dxe4 40.Ne2 Ke5 41.g4 f5 42.gxf5 Bxf5 43.Kg3 Rc6
44.Nd4 Rc1 45.b5 a5 46.Nxf5 Kxf5 47.Rd2 Rc5 48.a4 Rc4 49.Rd6 Rxa4 50.Rxb6 Ra1
51.Ra6 h5 52.b6 h4+ 53.Kg2 g4 54.b7 gxh3+ 55.Kxh3 Rh1+ 56.Kg2 Rb1 57.Kh3 Rh1+
58.Kg2 Rb1  1/2-1/2

[Event "ch-RUS"]
[Site "Krasnodar RUS"]
[Date "2002.09.04"]
[Round "9"]
[White "Riazantsev,A"]
[Black "Skatchkov,P"]
[Result "1-0"]
[WhiteElo "2537"]
[BlackElo "2485"]

1.d4 d5 2.c4 c6 3.e3 Nf6 4.Nc3 e6 5.Nf3 Nbd7 6.Qc2 Bd6 7.b3 O-O 8.Be2 Qe7
9.O-O Re8 10.Rd1 b6 11.Bb2 Bb7 12.Rac1 Rad8 13.cxd5 exd5 14.Bf1 Ne4 15.g3 Ndf6
16.Nxe4 Nxe4 17.Bg2 h6 18.Qe2 Rc8 19.Rc2 a5 20.Nd2 Nf6 21.Nb1 Ne4 22.Nc3 Nxc3
23.Bxc3 Ra8 24.a4 Qd7 25.Qd2 Qf5 26.Ra2 Qd7 27.Rb1 Qe7 28.Rab2 Ba3 29.Ra2 Bd6
30.b4 axb4 31.Bxb4 c5 32.Bc3 Ra6 33.Rab2 Rxa4 34.Rxb6 Ba8 35.dxc5 Bxc5 36.Rb8 Ba7
37.Rxe8+ Qxe8 38.Rd1 Rc4 39.Ba1 Qb5 40.Be5 Qe8 41.Bxd5 Rc5 42.Bxa8 Rxe5 43.Qd8 Kh7
44.Qd3+ g6 45.Bd5 Rf5 46.Kg2 Qe7 47.Rd2 Bc5 48.Qc4 Rf6 49.Rb2 h5 50.Kg1 Qe5
51.Rc2 Bb6 52.Bxf7 Bxe3 53.Bxg6+ Kh6 54.Be4 Bb6 55.Kg2 h4 56.Bf3 Bd4 57.Qd3 hxg3
58.hxg3 Bb6 59.Re2 Qg5 60.Re1 Qg6 61.Qd2+ Kg7 62.Re7+ Rf7 63.Re4 Qf6 64.Rg4+ Kf8
65.Qb4+ Ke8 66.Rg8+ Kd7 67.Qb5+ Kc7 68.Qc4+ Kd7 69.Qc8+ Kd6 70.Qc6+  1-0

[Event "ch-RUS"]
[Site "Krasnodar RUS"]
[Date "2002.09.04"]
[Round "9"]
[White "Tunik,G"]
[Black "Geller,J"]
[Result "1/2-1/2"]
[WhiteElo "2505"]
[BlackElo "2406"]

1.d4 d5 2.c4 e6 3.Nc3 c6 4.e3 Nf6 5.Nf3 Nbd7 6.Bd3 dxc4 7.Bxc4 b5 8.Bd3 a6
9.a4 b4 10.Ne4 c5 11.Nxf6+ Nxf6 12.dxc5 Bb7 13.Qe2 Bxc5 14.O-O Nd7 15.e4 e5
16.Rd1 O-O 17.Bc4 Qc7 18.Bg5 h6 19.Bh4 Nb6 20.Bb3 a5 21.Ne1 Bd4 22.Rac1 Qd7
23.Nf3 Qg4 24.Be7 Rfe8 25.Rc7 Qxe4 26.Qxe4 Bxe4 27.Nxd4 Bd5 28.Bxd5 Nxd5
29.Nb5 Nxe7 30.Rdd7 Rad8 31.Nd6 Rf8 32.Kf1 Nd5 33.Rxd8 Rxd8 34.Rc6 b3 35.Nb7 Rd7
36.Rc8+ Kh7 37.Nc5 Rd6 38.g3 Nb6 39.Rc7 Rd2 40.Rb7 Rc2 41.Nxb3 Nxa4 42.Rxf7 Nxb2
43.Nxa5 Nd3 44.Nb7 Kg8 45.Nd8 e4 46.Rf5 g6 47.Rf6 Kg7  1/2-1/2

[Event "Kaissa I"]
[Site "Alushta UKR"]
[Date "2002.09.05"]
[Round "6"]
[White "Agamaliev,G"]
[Black "Shtyrenkov,V"]
[Result "1-0"]
[WhiteElo "2489"]
[BlackElo "2457"]

1.d4 d5 2.c4 c6 3.Nf3 Nf6 4.Nc3 e6 5.e3 Nbd7 6.Bd3 dxc4 7.Bxc4 b5 8.Bd3 a6
9.e4 c5 10.e5 cxd4 11.Nxb5 Nxe5 12.Nxe5 axb5 13.Bxb5+ Bd7 14.Nxd7 Qa5+ 15.Bd2 Qxb5
16.Nxf8 Kxf8 17.a4 Qxb2 18.O-O Ne4 19.Qf3 f5 20.Bf4 Qc3 21.Qh5 d3 22.Rac1 Qf6
23.Rc7 g6 24.Qh6+ Ke8 25.f3 Nc3 26.Bg5 Qd4+ 27.Kh1 Nd5 28.Rxh7 Rxh7 29.Qxh7 Rxa4
30.Rc1 Rc4 31.Re1 Qb6 32.Qxg6+ Kd7 33.Qf7+ Kc8 34.Qe8+ Kb7 35.Rxe6 Qb2 36.Qd7+ Nc7
37.Re1 Rd4 38.Qxf5 d2 39.Rd1 Qc1 40.Qb1+  1-0

[Event "II Open"]
[Site "Poio ESP"]
[Date "2002.09.05"]
[Round "6"]
[White "Cebrian Ramos,J"]
[Black "Fleitas,Y"]
[Result "1/2-1/2"]
[WhiteElo "2066"]
[BlackElo "2229"]

1.d4 d5 2.c4 c6 3.Nc3 Nf6 4.e3 e6 5.Nf3 Nbd7 6.Qc2 Bd6 7.Be2 O-O 8.O-O Qe7
9.Rd1 b6 10.Bd2 Bb7 11.Be1 Rac8 12.cxd5 exd5 13.Rac1 Ne4 14.Qb3 Ndf6 15.a3 Bb8
16.Qa2 Rfd8 17.b4 b5 18.Nxe4 Nxe4 19.Bd3 Ng5 20.Qe2 Rd6 21.Ne5 f6 22.Nf3 Re8
23.Nh4 Bc8 24.Rc2 g6 25.Rdc1 Bd7 26.a4 a6 27.axb5 axb5 28.Ra2 Qf8 29.f3 Rde6
30.Bd2 Bf4 31.e4 Bxd2 32.Qxd2 dxe4 33.fxe4 Nxe4 34.Bxe4 Rxe4 35.Nf3 Be6 36.Ra7 Bc4
37.Re1 R8e7 38.Rxe4 Rxe4 39.h3 Qb8 40.Rd7 Be6 41.Re7 Bd5 42.Rd7 Qe8 43.Ra7 Re2
44.Qf4 Qe3+ 45.Qxe3 Rxe3 46.Kf2 Rb3 47.h4 Rxb4 48.h5 Bxf3 49.Kxf3 Rxd4 50.h6 Rd8
51.Rg7+ Kh8 52.Rc7 Rb8 53.Ke3 Kg8 54.Rg7+ Kf8 55.Rxh7 Re8+ 56.Kf3 Re5 57.Rc7 Kg8
58.Rg7+ Kh8 59.Rxg6 Re6 60.Rg7 f5 61.Rb7 Rxh6 62.Kf4 b4 63.Kg5 Rh2 64.Rxb4 Rxg2+
65.Kxf5 Rd2 66.Kg6 Rg2+ 67.Kf7 Rf2+ 68.Kg6  1/2-1/2

[Event "GP"]
[Site "Izmir TUR"]
[Date "2002.09.06"]
[Round "9"]
[White "Demirel,T"]
[Black "Erdogdu,M"]
[Result "0-1"]
[WhiteElo "2166"]
[BlackElo "2321"]

1.d4 d5 2.c4 c6 3.Nf3 Nf6 4.e3 e6 5.Nc3 Nbd7 6.Qc2 Bd6 7.b3 O-O 8.Be2 Re8
9.O-O a6 10.e4 dxe4 11.Nxe4 Nxe4 12.Qxe4 e5 13.dxe5 Nxe5 14.Bb2 Qf6 15.Rad1 Bf5
16.Qd4 Nxf3+ 17.Bxf3 Be5 18.Qb6 Bxb2 19.Qxb7 c5 20.Qxa8 Rxa8 21.Bxa8 Bd4
22.Rd2 h5 23.Rfd1 a5 24.h3 g5 25.Bd5 Kg7 26.a3 Qb6 27.b4 axb4 28.axb4 Qxb4
29.Re2 Kf6 30.Rde1 g4 31.hxg4 hxg4 32.g3 Qc3 33.Kg2 Be6 34.Rxe6+ fxe6 35.Rxe6+ Kg5
36.Re4  0-1

[Event "FSIMA Sept"]
[Site "Budapest HUN"]
[Date "2002.09.07"]
[Round "1"]
[White "Gerard,N"]
[Black "Gikas,B"]
[Result "1/2-1/2"]
[WhiteElo "2254"]
[BlackElo "2254"]

1.d4 d5 2.c4 c6 3.Nc3 Nf6 4.e3 e6 5.Nf3 Nbd7 6.Bd3 dxc4 7.Bxc4 b5 8.Bd3 Bb7
9.e4 b4 10.Na4 c5 11.e5 Nd5 12.Nxc5 Bxc5 13.dxc5 Nxc5 14.Bb5+ Nd7 15.Bg5 Qa5
16.Bxd7+ Kxd7 17.O-O h6 18.Bd2 Qb6 19.Be3 Qb5 20.Nd4 Qa5 21.a4 Rhb8 22.Qg4 Ke7
23.Bd2 Kf8 24.Rfc1 Rc8 25.Nc2 Qc7 26.Bxb4+ Nxb4 27.Qxb4+ Kg8 28.Qd6 Qc4 29.Qd2 Qe4
30.Ne3 Rd8 31.Qa5 Rd3 32.Rc4 Rd4 33.Rxd4 Qxd4 34.Qc3 Qe4 35.f3  1/2-1/2

[Event "FSIMA Sept"]
[Site "Budapest HUN"]
[Date "2002.09.07"]
[Round "1"]
[White "Hammes,M"]
[Black "Le Dinh Tuan"]
[Result "1/2-1/2"]
[WhiteElo "2377"]
[BlackElo "2361"]

1.d4 d5 2.c4 c6 3.Nc3 Nf6 4.e3 e6 5.Nf3 Nbd7 6.Qc2 Bd6 7.b3 O-O 8.Be2 Re8
9.O-O dxc4 10.bxc4 e5 11.Rd1 exd4 12.exd4 Nf8 13.c5 Bc7 14.Rb1 Rb8 15.h3 h6
16.Bc4 Be6 17.Qa4 Ba5 18.Ne2 Bxc4 19.Qxc4 Nd5 20.Bd2 Bc7 21.Nc3 Nxc3 22.Bxc3 Qd5
23.Qxd5 cxd5 24.Kf1  1/2-1/2

[Event "FSGM Sept"]
[Site "Budapest HUN"]
[Date "2002.09.13"]
[Round "7"]
[White "Claverie,C"]
[Black "Todorovic,GM"]
[Result "1/2-1/2"]
[WhiteElo "2392"]
[BlackElo "2482"]

1.d4 d5 2.c4 e6 3.Nf3 Nf6 4.Nc3 c6 5.e3 Nbd7 6.Qc2 Bd6 7.e4 e5 8.cxd5 cxd5
9.exd5 exd4 10.Nxd4 O-O 11.Be2 Nb6 12.O-O Nbxd5 13.Nxd5 Nxd5 14.Rd1 Re8 15.Bf3 Qe7
16.g3 Bh3 17.Bd2 Be5 18.Qe4 Nf6 19.Qh4 Bxd4 20.Qxd4 Rad8 21.Qb4  1/2-1/2

[Event "FSIMB Sept"]
[Site "Budapest HUN"]
[Date "2002.09.13"]
[Round "7"]
[White "Korpics,Z"]
[Black "Nguyen Ngoc Truongson"]
[Result "0-1"]
[WhiteElo "2331"]
[BlackElo "2234"]

1.d4 d5 2.c4 c6 3.Nf3 Nf6 4.e3 e6 5.Nc3 Be7 6.Qc2 O-O 7.Bd3 dxc4 8.Bxc4 b6
9.Bd3 Ba6 10.O-O c5 11.Bxa6 Nxa6 12.Qe2 Qc8 13.dxc5 Nxc5 14.e4 Rd8 15.Bg5 h6
16.Bxf6 Bxf6 17.e5 Be7 18.Rfd1 Qa6 19.Qxa6 Nxa6 20.Kf1 Nb4 21.Ke2 Nc6 22.Rac1 Rxd1
23.Rxd1 Rd8 24.Rxd8+ Bxd8 25.Kd3 Bc7 26.Ke4 Bxe5 27.Nxe5 f5+ 28.Ke3 Nxe5
29.Kd4 Nc6+ 30.Kc4 Kf7 31.Kb5 Nb8 32.f4 Ke7 33.Ne2 Kd6 34.b4 g5 35.g3 gxf4
36.gxf4 e5 37.Ng3 Ke6 38.Nh5 exf4 39.Kc4 Ke5 40.Kd3 Nc6 41.a3 Nd4 42.a4 Nc6
43.b5 Nb4+ 44.Ke2 Nc2 45.Ng7 Nd4+ 46.Kf2 Ne6 47.Ne8 Nc5 48.h4 Nxa4 49.Kf3 Nc3
50.Nc7 Ne4 51.Ne8 Nc5 52.Ke2 Ne6 53.Kf2 Nd4 54.Nc7 Kd6 55.Ne8+ Kd7 56.Ng7 Nxb5
57.Nxf5 a5 58.Ke2 a4 59.Kd3 a3 60.Kc2 f3 61.Ng3 Nd4+ 62.Kb1 b5 63.Ka2 b4
64.h5 Ne2 65.Nh1 Nc3+ 66.Kb3 Ne4  0-1

[Event "FSIMA Sept"]
[Site "Budapest HUN"]
[Date "2002.09.13"]
[Round "7"]
[White "Gerard,N"]
[Black "Le Dinh Tuan"]
[Result "1/2-1/2"]
[WhiteElo "2254"]
[BlackElo "2361"]

1.d4 d5 2.c4 c6 3.Nc3 Nf6 4.e3 e6 5.Nf3 Nbd7 6.Bd3 dxc4 7.Bxc4 b5 8.Bd3 Be7
9.e4 b4 10.Na4 a5 11.Qe2 Bb7 12.O-O O-O 13.Bg5 h6 14.Bh4 Nh5 15.Bxe7 Qxe7
16.Qe3  1/2-1/2

[Event "Poyntner Mem GM"]
[Site "St Poelten AUT"]
[Date "2002.09.13"]
[Round "9"]
[White "Lau,R"]
[Black "Varga,Zo"]
[Result "1/2-1/2"]
[WhiteElo "2491"]
[BlackElo "2528"]

1.d4 d5 2.c4 c6 3.Nf3 Nf6 4.Nc3 e6 5.e3 Nbd7 6.Bd3 dxc4 7.Bxc4 b5 8.Be2 Bb7
9.O-O b4 10.Na4 Be7 11.a3 bxa3 12.bxa3 O-O 13.Rb1 Rb8 14.Qc2 Qa5 15.Bd2 Qf5
16.Bd3 Qh5 17.Bb4 c5 18.Nxc5 Nxc5 19.Bxc5 Bxf3 20.gxf3 Bxc5 21.Qxc5 Qxf3
22.Qe5 Rxb1 23.Rxb1  1/2-1/2

[Event "TCh-CRO"]
[Site "Medulin CRO"]
[Date "2002.09.17"]
[Round "9"]
[White "Biliskov,V"]
[Black "Horvath,Cs"]
[Result "0-1"]
[WhiteElo "2338"]
[BlackElo "2517"]

1.c4 e6 2.Nc3 d5 3.d4 c6 4.e3 Nf6 5.Nf3 Nbd7 6.Bd3 dxc4 7.Bxc4 b5 8.Bd3 Bb7
9.e4 b4 10.Na4 c5 11.e5 Nd5 12.O-O h6 13.Re1 Rc8 14.Qe2 Bc6 15.Nxc5 Nxc5
16.dxc5 Bxc5 17.Bd2 Qb6 18.h4 Ke7 19.Nh2 Rhd8 20.Ng4 Kf8 21.h5 Ne7 22.a3 bxa3
23.bxa3 Qb3 24.Bc4 Qg3 25.Ne3 Bxe3 26.fxe3 Bxg2 27.Qxg2 Qxg2+ 28.Kxg2 Rxd2+
29.Re2 Rxe2+ 30.Bxe2 Rc2 31.Kf3 Nc6 32.Bb5 Nxe5+ 33.Ke4 Ng4 34.a4 Nf6+ 35.Ke5 Ke7
36.Rb1 Rc5+ 37.Kd4 Rxh5 38.a5 Rd5+ 39.Kc4 Ne4  0-1

[Event "FSGM Sept"]
[Site "Budapest HUN"]
[Date "2002.09.18"]
[Round "12"]
[White "Aagaard,J"]
[Black "Bui Vinh"]
[Result "1/2-1/2"]
[WhiteElo "2359"]
[BlackElo "2444"]

1.d4 d5 2.c4 e6 3.Nf3 c6 4.e3 Nf6 5.Nc3 Nbd7 6.Qc2 Bd6 7.Be2 O-O 8.O-O Re8
9.b3 Qe7 10.Rd1 b6 11.e4 dxe4 12.Nxe4 Nxe4 13.Qxe4 Bb7 14.Bf4 Nf6 15.Qe3 Bxf4
16.Qxf4 c5 17.Ne5 Rad8 18.dxc5 Qxc5 19.Bh5 Rxd1+ 20.Rxd1 Rf8 21.Bf3  1/2-1/2

[Event "ECC"]
[Site "Halkidiki GRE"]
[Date "2002.09.22"]
[Round "1"]
[White "Sokolov,I"]
[Black "Mastrovasilis,D"]
[Result "1/2-1/2"]
[WhiteElo "2677"]
[BlackElo "2462"]

1.d4 d5 2.c4 c6 3.Nc3 e6 4.e3 Nf6 5.Nf3 Nbd7 6.Bd3 dxc4 7.Bxc4 b5 8.Bd3 a6
9.O-O c5 10.a4 b4 11.Ne4 Bb7 12.Ned2 Be7 13.Re1 O-O 14.e4 cxd4 15.e5 Nd5
16.Nb3 Rc8 17.Qe2 Re8 18.Bxa6 Bxa6 19.Qxa6 Nc5 20.Nxc5 Bxc5 21.Qd3 h6 22.a5 Ra8
23.a6 Qb6 24.Nd2 Nc7 25.Ne4 Be7 26.Nf6+ Bxf6 27.exf6 e5 28.fxg7 Rxa6 29.Rxa6 Qxa6
30.Qc2 Qd6 31.Bxh6 Qxh6 32.Qxc7 Qd2 33.Qc1 Qxc1 34.Rxc1 Ra8 35.Kf1 Ra2 36.Rb1 Kxg7
37.Ke2 e4 38.f3 f5 39.g4 Kf6 40.gxf5 Kxf5 41.fxe4+ Kxe4 42.h4 Ra7 43.Kd2 Rh7
44.Rh1 Rh5 45.Rh3 b3 46.Rh2 Ke5 47.Kd3 Kd5 48.Rh1 Kc5  1/2-1/2

[Event "ECC"]
[Site "Halkidiki GRE"]
[Date "2002.09.22"]
[Round "1"]
[White "Mastrovasilis,A"]
[Black "Shirov,A"]
[Result "0-1"]
[WhiteElo "2461"]
[BlackElo "2697"]

1.c4 e6 2.d4 d5 3.Nc3 c6 4.e3 Nf6 5.Nf3 Nbd7 6.Qc2 Bd6 7.e4 Nxe4 8.Nxe4 dxe4
9.Qxe4 c5 10.Bg5 Be7 11.Bxe7 Qa5+ 12.Ke2 Kxe7 13.g3 Rd8 14.Bg2 cxd4 15.Qxd4 Nf6
16.Qe3 Ng4 17.Qg5+ Qxg5 18.Nxg5 Bd7 19.b3 h6 20.Nh3 Rab8 21.f4 Bc6 22.Bxc6 bxc6
23.Ng1 e5 24.h3 Nf6 25.Nf3 exf4 26.Ne5 Rbc8 27.gxf4 Nh5 28.Ke3 f6 29.Nd3 c5
30.Rhd1 Rd4 31.b4 Rcd8 32.bxc5 Nxf4 33.Nb2 Rxd1 34.Rxd1 Rxd1 35.Nxd1 Nxh3
36.Nc3 Ng5 37.Kd4 h5 38.Nd5+ Kd7  0-1

[Event "VI Pablo Gorbea Mem"]
[Site "Madrid ESP"]
[Date "2002.09.22"]
[Round "7"]
[White "Pogorelov,R"]
[Black "Abreu,A"]
[Result "1-0"]
[WhiteElo "2453"]
[BlackElo "2454"]

1.d4 d5 2.c4 c6 3.Nf3 Nf6 4.Nc3 e6 5.e3 Nbd7 6.Bd3 dxc4 7.Bxc4 b5 8.Bd3 Bb7
9.e4 b4 10.Na4 c5 11.e5 Nd5 12.O-O h6 13.Qe2 Rc8 14.Bd2 Bc6 15.b3 g5 16.h3 Rg8
17.Rac1 h5 18.dxc5 g4 19.Nd4 Bxa4 20.bxa4 Bxc5 21.Ba6 Rc7 22.Nb5 gxh3 23.Qxh5 hxg2
24.Rfe1 Nc3 25.Nd6+ Bxd6 26.exd6  1-0

[Event "ECC"]
[Site "Halkidiki GRE"]
[Date "2002.09.23"]
[Round "2"]
[White "Chuchelov,V"]
[Black "Sherwin,J"]
[Result "1-0"]
[WhiteElo "2591"]
[BlackElo "2344"]

1.c4 Nf6 2.Nc3 c6 3.Nf3 d5 4.e3 e6 5.d4 Nbd7 6.Bd3 Bd6 7.O-O O-O 8.e4 dxc4
9.Bxc4 e5 10.Bg5 Qe7 11.h3 Re8 12.Re1 h6 13.Be3 exd4 14.Bxd4 Ne5 15.Bb3 Bc7
16.Qe2 Nfd7 17.Rad1 Nxf3+ 18.Qxf3 Be5 19.Bxe5 Nxe5 20.Qg3 Qg5 21.Kh2 Qxg3+
22.Kxg3 g5 23.Rd6 Kg7 24.Red1 b6 25.Ne2 Be6 26.Nd4 Bc8 27.Nxc6 Nxc6 28.Rxc6 Re7
29.f3 Ba6 30.Rdd6 Bb5 31.Rc1 Ba6 32.h4 Rc8 33.Rxc8 Bxc8 34.hxg5 hxg5 35.Kf2 g4
36.Ke3 gxf3 37.gxf3 Rc7 38.e5 Bf5 39.Kf4 Bg6 40.Kg5 Rc5 41.f4 Rc1 42.Rd1 Rc5
43.Rd7 a5 44.Bd5 Rc1 45.f5 Rg1+ 46.Kh4  1-0

[Event "ECC"]
[Site "Halkidiki GRE"]
[Date "2002.09.25"]
[Round "4"]
[White "Agrest,E"]
[Black "Luther,T"]
[Result "1/2-1/2"]
[WhiteElo "2599"]
[BlackElo "2551"]

1.c4 e6 2.Nc3 d5 3.d4 c6 4.e3 Nf6 5.Nf3 Nbd7 6.Qc2 Bd6 7.g4 h6 8.Bd2 Qe7
9.h3 a6 10.O-O-O e5 11.cxd5 cxd5 12.dxe5 Nxe5 13.Nd4 O-O 14.Rg1 b5 15.f4 b4
16.fxe5  1/2-1/2

[Event "ECC"]
[Site "Halkidiki GRE"]
[Date "2002.09.25"]
[Round "4"]
[White "Shneider,A"]
[Black "Firman,N"]
[Result "1-0"]
[WhiteElo "2506"]
[BlackElo "2494"]

1.d4 Nf6 2.c4 e6 3.Nf3 d5 4.Nc3 c6 5.e3 Nbd7 6.Bd3 dxc4 7.Bxc4 b5 8.Bd3 a6
9.e4 c5 10.d5 Qc7 11.O-O c4 12.Bc2 Bc5 13.Qe2 Bb7 14.dxe6 fxe6 15.e5 Nd5
16.Ng5 Nf8 17.a4 h6 18.Nge4 Nxc3 19.bxc3 Qxe5 20.axb5 axb5 21.Bf4 Qxf4 22.Qh5+ g6
23.Rxa8+ Bxa8 24.Qxc5 Bxe4 25.Qxb5+ Nd7 26.Qxc4 Ke7 27.Bxe4 Rd8 28.g3 Qg5
29.Qb4+ Qc5 30.Bxg6 Qxb4 31.cxb4 Ne5 32.Bh7 Rd2 33.b5 Nf3+ 34.Kg2 Ng5 35.Bg6 Kf6
36.Be8 Rb2 37.Bc6 Nf7 38.Rc1 Ne5 39.Rc3 Ke7 40.h3 h5 41.Re3 Kf6 42.Be8 Nc4
43.Rf3+ Ke7 44.Bxh5 Ne5 45.Re3 Rxb5 46.Be2 Rc5 47.h4 Nf7 48.f4 e5 49.Bh5 Nd6
50.fxe5 Nf5 51.Re4 Rc2+ 52.Be2 Ke6 53.Kh3 Rc3 54.Bc4+ Ke7 55.Rg4 Nxg3 56.Rg7+ Kf8
57.Rxg3 Rxc4 58.h5 Kf7 59.Rg4 Rc5 60.Rg5 Rc1 61.Kg2 Re1 62.Kg3 Rc1 63.Rg4 Ke6
64.h6 Kxe5 65.h7 Rg1+ 66.Kh2 Rxg4 67.h8=Q+ Kf5 68.Qc8+ Kf4 69.Kh3 Rg6 70.Qf8+ Ke5
71.Qe7+ Re6 72.Qc5+ Ke4 73.Qc4+ Kf5 74.Kg3 Re3+ 75.Kf2 Re4 76.Qf7+ Kg4 77.Qf3+  1-0

[Event "ECC"]
[Site "Halkidiki GRE"]
[Date "2002.09.25"]
[Round "4"]
[White "Kishnev,S"]
[Black "Blagojevic,D"]
[Result "1/2-1/2"]
[WhiteElo "2497"]
[BlackElo "2537"]

1.d4 d5 2.c4 c6 3.Nf3 Nf6 4.Nc3 e6 5.e3 Nbd7 6.Qc2 Bd6 7.g4 Nxg4 8.Rg1 f5
9.h3 Ngf6 10.Rxg7 Ne4 11.Bd2 Qf6 12.Rg2 Nf8 13.O-O-O Bd7 14.Be2 Ng6 15.Rdg1 O-O-O
16.cxd5 Nxc3 17.Bxc3 exd5 18.Rg5 Be6 19.Bd3 Rdf8 20.Qa4 Kb8 21.Bb4 Bc8 22.h4 Ne7
23.Bc5 Bxc5 24.dxc5 f4 25.e4 dxe4 26.Qxe4 Ng6 27.Qb4 Ne7 28.Qe4 Ng6 29.Qb4 Ne7
30.Be4 Rd8 31.Rg7 Nf5 32.R7g5 Nd4 33.Nxd4 Rxd4 34.Qc3 Rhd8 35.Bxh7 Qe6 36.b3 Qe2
37.Bc2 Qxf2 38.Qe1 Qf3 39.Rf1 Qh3 40.Rxf4 Rxf4 41.Qe5+ Ka8 42.Qxf4 Rh8  1/2-1/2

[Event "1st Masters"]
[Site "Villeurbanne FRA"]
[Date "2002.09.26"]
[Round "6"]
[White "Legky,N"]
[Black "Lazarev,V"]
[Result "1/2-1/2"]
[WhiteElo "2498"]
[BlackElo "2458"]

1.d4 d5 2.c4 c6 3.Nf3 Nf6 4.Nc3 e6 5.e3 Nbd7 6.Bd3 dxc4 7.Bxc4 b5 8.Be2 Be7
9.e4 b4 10.e5 bxc3 11.exf6 Nxf6 12.bxc3 O-O 13.O-O c5 14.Ne5  1/2-1/2

[Event "ECC"]
[Site "Halkidiki GRE"]
[Date "2002.09.28"]
[Round "7"]
[White "Sands,D"]
[Black "Borg,A"]
[Result "1/2-1/2"]
[WhiteElo "2246"]
[BlackElo "2124"]

1.d4 d5 2.c4 e6 3.Nc3 c6 4.e3 Nf6 5.Nf3 Nbd7 6.Qc2 Bd6 7.Bd3 dxc4 8.Bxc4 O-O
9.O-O Qe7 10.h3 e5 11.Bb3 Bb8 12.Bd2 h6 13.dxe5  1/2-1/2

[Event "EuYCh B16"]
[Site "Peniscola ESP"]
[Date "2002.09.29"]
[Round "1"]
[White "Rees,I"]
[Black "Sebestyen,Ba"]
[Result "1/2-1/2"]
[WhiteElo "2079"]
[BlackElo "2308"]

1.Nf3 Nf6 2.c4 e6 3.Nc3 d5 4.d4 c6 5.e3 Bd6 6.Qc2 Nbd7 7.g4 h6 8.Bd2 Nxg4
9.Rg1 Nxh2 10.Nxh2 Bxh2 11.Rxg7 Nf6 12.O-O-O Bd6 13.e4 Nxe4 14.Nxe4 dxe4
15.Qxe4 Qf6 16.Rg2 Bd7 17.Bd3 O-O-O 18.Kb1 Kb8 19.Bc3 Qf4 20.Rg7 Qxe4 21.Bxe4 f5
22.Bf3 Rhg8 23.Rdg1 Rxg7 24.Rxg7 Bf4 25.d5 Kc8 26.dxc6 bxc6 27.Ba5 Re8 28.Bh5  1/2-1/2

[Event "3rd Mitropa Cup Junior"]
[Site "Saint Vincent ITA"]
[Date "2002.09.29"]
[Round "2"]
[White "Ortega,Le"]
[Black "Cernousek,L"]
[Result "1-0"]
[WhiteElo "2467"]
[BlackElo "2294"]

1.d4 d5 2.c4 c6 3.e3 Nf6 4.Nc3 e6 5.Nf3 Nbd7 6.Bd3 dxc4 7.Bxc4 b5 8.Bd3 Bb7
9.O-O b4 10.Ne4 Nxe4 11.Bxe4 Nf6 12.Bd3 Be7 13.Qe2 O-O 14.e4 c5 15.dxc5 Nd7
16.c6 Bxc6 17.Nd4 Bb7 18.Bb5 Nc5 19.Be3 Bxe4 20.Rfd1 Qb6 21.Nb3 Rfd8 22.Rxd8+ Rxd8
23.Rc1 Nxb3 24.Bxb6 Nxc1 25.Qxe4 Rd1+ 26.Bf1 axb6 27.g3 Rd5 28.Qc4 Rc5 29.Qxb4 Nxa2
30.Qxb6 Rc1 31.Qa7  1-0

[Event "Eu Rapid Ch"]
[Site "Panormo GRE"]
[Date "2002.09.30"]
[Round "2"]
[White "Banikas,H"]
[Black "Pelletier,Y"]
[Result "1-0"]
[WhiteElo "2521"]
[BlackElo "2571"]

1.d4 d5 2.c4 c6 3.Nf3 Nf6 4.Nc3 e6 5.e3 Nbd7 6.Qc2 Bd6 7.Bd3 O-O 8.O-O dxc4
9.Bxc4 a6 10.a3 c5 11.dxc5 Bxc5 12.Ba2 b5 13.b4 Be7 14.Bb2 Bb7 15.e4 Qb8
16.Rad1 a5 17.Bb1 axb4 18.axb4 e5 19.Qb3 h6 20.Nh4 Rc8 21.Nf5 Bf8 22.Nxb5 Ba6
23.Nbd6 Bxd6 24.Nxd6 Bxf1 25.Qxf7+ Kh7 26.Nxc8 Qxb4 27.Rxf1 Rxc8 28.Qa2 Rb8
29.Ba3 Qd4 30.Bc1 Kh8 31.Be3 Qb4 32.f3 Qc3 33.Qd2 Qa3 34.Bc2 Rb2 35.Rc1 Kh7
36.Qd3 Qa2 37.Qc3 Nf8 38.Bc5 Ng6 39.g3 Rb7 40.Ra1 Qe6 41.Be3 Qe7 42.Ra5 Rc7
43.Rc5 Rb7 44.Rc6 Qd7 45.Kg2 Qf7 46.Qc4 Qd7 47.Rc5 Qe7 48.Bb3 Qd8 49.Rc6 Ne7
50.Rxf6 Nd5 51.Rxh6+ gxh6 52.Qxd5  1-0

[Event "11th Monarch Assurance"]
[Site "Port Erin IOM"]
[Date "2002.09.30"]
[Round "3"]
[White "Tyomkin,D"]
[Black "Fridman,D"]
[Result "1/2-1/2"]
[WhiteElo "2482"]
[BlackElo "2577"]

1.d4 d5 2.c4 c6 3.Nf3 Nf6 4.Nc3 e6 5.e3 Nbd7 6.Qc2 Bd6 7.Bd3 O-O 8.O-O dxc4
9.Bxc4 b5 10.Bd3 Bb7 11.a3  1/2-1/2

[Event "EuYCh G18"]
[Site "Peniscola ESP"]
[Date "2002.10.01"]
[Round "3"]
[White "Hasanova,E"]
[Black "Bashkite,V"]
[Result "1/2-1/2"]
[WhiteElo "2325"]
[BlackElo "2138"]

1.d4 d5 2.c4 e6 3.Nc3 c6 4.e3 Nf6 5.Nf3 Nbd7 6.Bd3 dxc4 7.Bxc4 b5 8.Bd3 Bb7
9.O-O a6 10.e4 c5 11.e5 Nd5 12.Qe2 Qc7 13.Be3 c4 14.Bb1 Nxc3 15.bxc3 Nb6
16.Ng5 Be7 17.Ne4 Bd5 18.Bc2 Qc6 19.Bd2 f5 20.exf6 gxf6 21.Qh5+ Kd7 22.f3 Rag8
23.Rae1 a5 24.Qh6 Bxe4 25.Bxe4 Nd5 26.Rb1 f5 27.Bc2 Rg6 28.Qh3 Bg5 29.f4 Bf6
30.Bd1 Rhg8 31.Bf3 R8g7 32.Rfe1 Kc7 33.Kh1 Be7 34.Rec1 Ba3 35.Re1 Be7  1/2-1/2

[Event "Eu Blitz Ch"]
[Site "Panormo GRE"]
[Date "2002.10.02"]
[Round "4"]
[White "Volkov,S"]
[Black "Smirnov,P"]
[Result "1-0"]
[WhiteElo "2642"]
[BlackElo "2562"]

1.d4 d5 2.c4 e6 3.Nf3 Nf6 4.Nc3 c6 5.e3 Nbd7 6.Qc2 Bd6 7.b3 O-O 8.Bb2 b6
9.Be2 Bb7 10.O-O Qe7 11.Rfe1 Rfe8 12.Bf1 Rad8 13.Rad1 c5 14.dxc5 bxc5 15.cxd5 exd5
16.Nh4 g6 17.Nf3 Ne5 18.Nxe5 Bxe5 19.Na4 Bxh2+ 20.Kxh2 Ng4+ 21.Kg3 Qg5 22.f4 Qh5
23.Nxc5 Rxe3+ 24.Rxe3 Nxe3 25.Qe2 Nxd1 26.Qxh5 gxh5 27.Nxb7 Rb8 28.Bd4 Rxb7
29.Be2 Re7 30.Bxd1 h4+ 31.Kf2 Re4 32.Bxa7 Rxf4+ 33.Bf3 Rf6 34.Bd4 Ra6 35.a4 Rc6
36.a5 Rc2+ 37.Ke3 Ra2 38.b4 Ra3+ 39.Kf4 Ra4 40.Bc5 d4 41.Ke4 f5+ 42.Kxd4 Ra3
43.Bd5+ Kg7 44.Bb7 f4 45.a6 h3 46.gxh3 f3 47.Ke4 f2 48.Bxf2 Ra4 49.Bc5  1-0

[Event "Eu Blitz Ch"]
[Site "Panormo GRE"]
[Date "2002.10.02"]
[Round "5"]
[White "Van Wely,L"]
[Black "Nielsen,PH"]
[Result "0-1"]
[WhiteElo "2681"]
[BlackElo "2620"]

1.d4 d5 2.c4 c6 3.Nf3 Nf6 4.e3 e6 5.Nc3 Nbd7 6.Qc2 Bd6 7.Bd3 O-O 8.O-O dxc4
9.Bxc4 b5 10.Bd3 Bb7 11.a3 a6 12.b4 a5 13.Rb1 axb4 14.axb4 Qe7 15.e4 e5 16.dxe5 Nxe5
17.Nxe5 Qxe5 18.f4 Qd4+ 19.Kh1 Bxb4 20.Ne2 Qc5 21.e5 Qxc2 22.Bxc2 Nd5 23.Nd4 Bc5
24.Nf5 Rfd8 25.Rb3 Bc8 26.Rg3 Bxf5 27.Bxf5 Ra1 28.Rgf3 Be3 29.Bb2 Rxf1+ 30.Rxf1 Nxf4
31.g3 Ne6 32.Ra1 c5 33.Bg4 c4 34.Ba3 h6 35.Rb1 c3 36.Bf5 Nd4 37.Be4 c2  0-1

[Event "2nd Rohde Open"]
[Site "Sautron FRA"]
[Date "2002.10.02"]
[Round "8"]
[White "Lukov,V"]
[Black "Battaglini,G"]
[Result "1/2-1/2"]
[WhiteElo "2463"]
[BlackElo "2229"]

1.Nf3 d5 2.c4 c6 3.e3 Nf6 4.Nc3 e6 5.d4 Nbd7 6.Bd3 dxc4 7.Bxc4 b5 8.Bd3 a6
9.e4 c5 10.d5 c4 11.Bc2 Bb7 12.O-O Qc7 13.dxe6 fxe6 14.Ng5 Nc5 15.e5 Qxe5
16.Re1 Qd6 17.Qxd6 Bxd6 18.Be3 O-O 19.Rad1 Be7 20.Bxc5 Bxc5 21.Nxe6 Rfc8
22.Nxc5 Rxc5 23.Re7 Rb8 24.f3 b4 25.Ne4 Bxe4 26.fxe4 Re8 27.Rxe8+ Nxe8 28.Rd8 Kf7
29.Rb8 a5 30.Kf2 c3 31.bxc3 bxc3 32.Ke3 Nc7 33.Rb3 Ne6 34.g3 Kf6 35.Kd3 Rh5
36.Kxc3 Rxh2 37.Rb6 Ke7 38.Bb3 Nc5 39.Kd4 Nxb3+ 40.axb3 Rg2 41.Rb7+ Kf6 42.Rb6+ Kf7  1/2-1/2